Classifica ATP 2019 - Statistics

Statistiche generali
  • Questo quiz è stato fatto 13 volte
  • Il punteggio medio è 12 su 15
Statistiche sulle risposte
Nazione Punteggio Tennista % Corretto
Italia 2870 Matteo Berrettini
100%
Serbia 9145 Novak Djokovic
100%
Spagna 9985 Rafael Nadal
100%
Svizzera 6590 Roger Federer
100%
Germania 3345 Alexander Zverev
92%
Russia 5705 Danil Medvedev
92%
Italia 2290 Fabio Fognini
92%
Grecia 5300 Stefanos Tsitsipas
92%
Belgio 2335 David Goffin
75%
Austria 5825 Dominic Thiem
75%
Canada 2050 Denis Shapovalov
67%
Argentina 2125 Diego Sebastian Schwartzman
67%
Francia 2530 Gale Monfils
67%
Spagna 2540 Roberto Bautista Agut
67%
Giappone 2180 Kei Nishikori
58%
Nessun quiz corrispondente trovato
Distribuzione punteggi
Percentuale di utenti per punteggio
Percentile per numero di risposta
I tuoi punteggi nel tempo
Non hai fatto questo quiz